Storia del diritto italiano / (Record no. 171817)
[ view plain ]
| 000 -LEADER | |
|---|---|
| campo de control de longitud fija | 00578nam a22001935i 4500 |
| 001 - NÚMERO DE CONTROL | |
| campo de control | 171817 |
| 003 - IDENTIFICADOR DE NÚMERO DE CONTROL | |
| campo de control | ES-MaACL |
| 005 - FECHA Y HORA DE LA ÚLTIMA TRANSACCIÓN | |
| campo de control | 20230906214735.0 |
| 008 - DATOS DE LONGITUD FIJA--INFORMACIÓN GENERAL | |
| campo de control de longitud fija | 090602s1918 it |||| | ita d |
| 100 1# - ENTRADA PRINCIPAL--NOMBRE DE PERSONA | |
| Nombre de persona | Solmi, Arrigo. |
| 9 (RLIN) | 107233 |
| 245 10 - MENCIÓN DEL TÍTULO | |
| Título | Storia del diritto italiano / |
| Mención de responsabilidad, etc. | Arrigo Solmi. |
| 250 ## - MENCION DE EDICION | |
| Mención de edición | 2ª. ed. rev. e amp. |
| 260 ## - PUBLICACIÓN, DISTRIBUCIÓN, ETC. | |
| Lugar de publicación, distribución, etc. | Milano : |
| Nombre del editor, distribuidor, etc. | [s.n.], |
| Fecha de publicación, distribución, etc. | 1918 ( |
| Fabricante | Tip. Bellasio) |
| 300 ## - DESCRIPCIÓN FÍSICA | |
| Extensión | 1120 p. ; |
| Dimensiones | 13 cm. |
| 490 1# - MENCIÓN DE SERIE | |
| Mención de serie | Piccola bib. scientifica ; |
| Designación de volumen o secuencia | 15 |
| 830 0# - PUNTO DE ACCESO ADICIONAL DE SERIE-TÍTULO UNIFORME | |
| Título uniforme | Piccola bib. scientifica ; |
| Designación de volumen o secuencia | 15 |
| 9 (RLIN) | 223216 |
| 852 ## - LOCALIZACIÓN | |
| Ubicación | ES-MaACL |
| Número de control de estantería | D-5225 |
| Estatus retirado | Estado de pérdida | Estado de daño | No para préstamo | Biblioteca de origen | Biblioteca actual | Ubicación en estantería | Fecha de adquisición | Fuente de adquisición | Total de préstamos | Signatura topográfica completa | Código de barras | Visto por última vez | Precio de reemplazo | Tipo de ítem Koha |
|---|---|---|---|---|---|---|---|---|---|---|---|---|---|---|
| Biblioteca del Ateneo de Madrid | Biblioteca del Ateneo de Madrid | Sala Valle Inclán | 02/06/2009 | D-5225 | 901180318 | 23/02/2023 | 23/02/2023 | Libro impreso |
